000 00996nam a22002535a 4500
003 OSt
005 20161101123148.0
008 161101s2014 ua frb 000 0 ara d
015 _a2003/20796
020 _a9770443719
040 _aEG-ScBUE
_bara
_cEG-ScBUE
082 0 4 _a343.0820285
_bع ز ب
_222
100 1 _aعزب، حماد مصطفى.
245 1 2 _aالجوانب القانونية للإعلان عن المنتجات عبر الإنترنت :
_bدراسة مقارنة /
_cحماد مصطفى عزب.
260 _a[د. م. :
_bد. ن.]،
_c2014.
300 _a187 ص. ؛
_c24 سم.
500 _aيشتمل على قائمة اختصارات.
504 _aيشتمل على إرجاعات ببليوجرافية.
650 0 _aالتجارة الإلكترونية
_xقوانين وتشريعات.
_2BUEsh
_941112
650 0 _aالإعلان عبر الإنترنت
_xقوانين وتشريعات.
_2BUEsh
651 _2BUEsh
653 _bLLAAWW
_cNovember2016
942 _2ddc
999 _c22964
_d22936